Bandiere di tutto il mondo + 60 Isole e Colonie - Statistics

Statistiche generali
  • Questo quiz è stato fatto 211 volte
  • Il punteggio medio è 181 su 247
Statistiche sulle risposte
con Immagini Risposta % Corretto
Lettonia
95%
Vietnam
92%
Canada
89%
Cipro
89%
El Salvador
89%
Stati Uniti
89%
Belize
88%
Mauritania
88%
Brasile
84%
Finlandia
84%
Maldive
84%
Russia
84%
Albania
83%
Argentina
83%
Australia
83%
Belgio
83%
Bosnia ed Erzegovina
83%
Danimarca
83%
Francia
83%
Georgia
83%
Germania
83%
Gibilterra
83%
Grecia
83%
Iran
83%
Italia
83%
Messico
83%
Regno Unito
83%
Spagna
83%
Svezia
83%
Svizzera
83%
Algeria
82%
Arabia Saudita
82%
Austria
82%
Azerbaijan
82%
Camerun
82%
Cina
82%
Colombia
82%
Corea del Nord
82%
Corea del Sud
82%
Galles
82%
Giamaica
82%
Giappone
82%
Honduras
82%
India
82%
Iraq
82%
Irlanda
82%
Israele
82%
Kosovo
82%
Macedonia del Nord
82%
Montenegro
82%
Panama
82%
Portogallo
82%
San Marino
82%
Serbia
82%
Singapore
82%
Somalia
82%
Thailandia
82%
Trinidad e Tobago
82%
Ungheria
82%
Venezuela
82%
Città del Vaticano
81%
Costa d'Avorio
81%
Estonia
81%
Kenya
81%
Lussemburgo
81%
Nepal
81%
Norvegia
81%
Paesi Bassi
81%
Repubblica Ceca
81%
Siria
81%
Slovacchia
81%
Sri Lanka
81%
Turchia
81%
Armenia
80%
Botswana
80%
Cile
80%
Costa Rica
80%
Croazia
80%
Filippine
80%
Kazakistan
80%
Malesia
80%
Moldavia
80%
Monaco
80%
Tanzania
80%
Tunisia
80%
Ucraina
80%
Uruguay
80%
Bulgaria
79%
Cuba
79%
Ecuador
79%
Egitto
79%
Emirati Arabi Uniti
79%
Etiopia
79%
Gabon
79%
Indonesia
79%
Isola di Man
79%
Madagascar
79%
Nuova Zelanda
79%
Perù
79%
Polonia
79%
Repubblica Democratica del Congo
79%
Romania
79%
Senegal
79%
Seychelles
79%
Slovenia
79%
Sudafrica
79%
Togo
79%
Uganda
79%
Andorra
78%
Brunei
78%
Capo Verde
78%
Ghana
78%
Inghilterra
78%
Lesotho
78%
Libano
78%
Malawi
78%
Malta
78%
Marocco
78%
Nigeria
78%
Paraguay
78%
Qatar
78%
Tonga
78%
Turkmenistan
78%
Yemen
78%
Angola
77%
Antigua e Barbuda
77%
Bahrain
77%
Bangladesh
77%
Bhutan
77%
Burkina Faso
77%
Giordania
77%
Laos
77%
Lituania
77%
Mali
77%
Nicaragua
77%
Pakistan
77%
Barbados
76%
Bielorussia
76%
Burundi
76%
Cambogia
76%
Guinea
76%
Islanda
76%
Mauritius
76%
Papua Nuova Guinea
76%
Afghanistan
75%
Ciad
75%
Dominica
75%
Eritrea
75%
Grenada
75%
Guatemala
75%
Hong Kong
75%
Isole Marshall
75%
Liberia
75%
Libia
75%
Liechtenstein
75%
Mongolia
75%
Mozambico
75%
Namibia
75%
Niger
75%
Oman
75%
Repubblica Dominicana
75%
Santa Lucia
75%
Scozia
75%
Stati Federati di Micronesia
75%
Sud Sudan
75%
Uzbekistan
75%
Antartide
74%
Bahamas
74%
Birmania
74%
Bolivia
74%
Comoros
74%
Guinea Equatoriale
74%
Kirghizistan
74%
Nauru
74%
Repubblica Centrafricana
74%
Repubblica del Congo
74%
Sierra Leone
74%
Suriname
74%
Swaziland
74%
Tagikistan
74%
Taiwan
74%
Zambia
74%
Benin
73%
Guinea-Bissau
73%
Palau
73%
Ruanda
73%
Saint Kitts e Nevis
73%
Groenlandia
72%
Haiti
72%
Kiribati
72%
Vanuatu
72%
Figi
71%
Gibuti
71%
Kuwait
71%
Saint Vincent e Grenadine
71%
Zimbabwe
71%
Gambia
70%
Samoa
70%
Sao Tome e Principe
70%
Isole Vergini Americane
69%
Guyana
68%
Isole Salomone
68%
Macao
68%
Timor Est
68%
Tuvalu
67%
Guam
66%
Sudan
63%
Irlanda Del Nord
61%
Isola di Natale
60%
Anguilla
59%
Samoa Americane
58%
Far Oer
57%
Polinesia Francese
57%
Isole Vergini Britanniche
56%
Nuova Caledonia
56%
Guernsey
55%
Isole Aland
55%
Isole Cook
55%
Tokelau
55%
Guadalupa
54%
Aruba
53%
Isola di Norfolk
52%
Isole Jersey
52%
Mayotte
52%
Niue
52%
Isole Cocos
50%
Bermuda
47%
Guyana Francese
47%
Sant'Elena
47%
Curacao
46%
Isole Marianne Settentrionali
46%
Riunione
45%
Sint Maarten
45%
Isole Falkland
42%
Turks e Caicos
42%
Montserrat
41%
Sahara Occidentale
41%
Saint-Pierre e Miquelon
41%
Isole Pitcairn
40%
Wallis e Futuna
40%
Territorio Britannico dell'oceano Indiano
39%
Isole Cayman
35%
Martinica
32%
Terre Australi e Antartiche Francesi
32%
Paesi Bassi Caraibici
28%
Saint-Barthélemy
27%
Georgia del Sud e Isole Sandwich Australi
23%
Nessun quiz corrispondente trovato
Distribuzione punteggi
Percentuale di utenti per punteggio
Percentile per numero di risposta
I tuoi punteggi nel tempo
Non hai fatto questo quiz